000 00376nam a2200145 i 4500
001 78156
003 ES-MaACL
007 t|
008 041011s1911 fr ||||1| fre d
100 1 _aHanotaux, Gabriel.
_961744
245 1 0 _aJeanne d'Arc /
_cpar Gabriel Hanotaux.
260 _aParis :
_bHachette,
_c1911.
300 _aXIII, 419 p. ;
_c31 cm.
852 _aES-MaACL
_jG-5204
999 _c78156
_d78156